<?xml version="1.0" encoding="UTF-8"?><?xml-stylesheet type="text/xsl" href="static/style.xsl"?><OAI-PMH xmlns="http://www.openarchives.org/OAI/2.0/" xmlns:xsi="http://www.w3.org/2001/XMLSchema-instance" xsi:schemaLocation="http://www.openarchives.org/OAI/2.0/ http://www.openarchives.org/OAI/2.0/OAI-PMH.xsd"><responseDate>2026-04-27T21:30:17Z</responseDate><request verb="GetRecord" identifier="oai:uvadoc.uva.es:10324/72077" metadataPrefix="marc">https://uvadoc.uva.es/oai/request</request><GetRecord><record><header><identifier>oai:uvadoc.uva.es:10324/72077</identifier><datestamp>2024-12-02T10:12:02Z</datestamp><setSpec>com_10324_1166</setSpec><setSpec>com_10324_931</setSpec><setSpec>com_10324_894</setSpec><setSpec>col_10324_1338</setSpec></header><metadata><record xmlns="http://www.loc.gov/MARC21/slim" xmlns:doc="http://www.lyncode.com/xoai" xmlns:xsi="http://www.w3.org/2001/XMLSchema-instance" xmlns:dcterms="http://purl.org/dc/terms/" xsi:schemaLocation="http://www.loc.gov/MARC21/slim http://www.loc.gov/standards/marcxml/schema/MARC21slim.xsd">
<leader>00925njm 22002777a 4500</leader>
<datafield tag="042" ind1=" " ind2=" ">
<subfield code="a">dc</subfield>
</datafield>
<datafield tag="720" ind1=" " ind2=" ">
<subfield code="a">Alvarado Ramos, Katherine</subfield>
<subfield code="e">author</subfield>
</datafield>
<datafield tag="720" ind1=" " ind2=" ">
<subfield code="a">Bravo Núñez, Ángela</subfield>
<subfield code="e">author</subfield>
</datafield>
<datafield tag="720" ind1=" " ind2=" ">
<subfield code="a">Vairo, Donato</subfield>
<subfield code="e">author</subfield>
</datafield>
<datafield tag="720" ind1=" " ind2=" ">
<subfield code="a">Sabran, Charlotte</subfield>
<subfield code="e">author</subfield>
</datafield>
<datafield tag="720" ind1=" " ind2=" ">
<subfield code="a">Landrier, Jean‐François</subfield>
<subfield code="e">author</subfield>
</datafield>
<datafield tag="720" ind1=" " ind2=" ">
<subfield code="a">Reboul, Emmanuelle</subfield>
<subfield code="e">author</subfield>
</datafield>
<datafield tag="260" ind1=" " ind2=" ">
<subfield code="c">2024</subfield>
</datafield>
<datafield tag="520" ind1=" " ind2=" ">
<subfield code="a">Scope: This study investigates whether vitamin E (VE) deficiency in subjects with obesity could, at least partly, be due to a defect in VE intestinal absorption.&#xd;
&#xd;
Methods and results: Mice follow either a high-fat (HF) or a control (CTL) diet for 12 weeks. The study evaluates their VE status, the expression of genes encoding proteins involved in lipid and fat-soluble vitamin intestinal absorption, and VE absorption using a 𝜸-tocopherol-rich emulsion. HF mice have a weight (+23.0%) and an adiposity index (AI, +157.0) superior to CTL mice (p &lt; 0.05). 𝜶-Tocopherol concentrations are higher in both plasma (+45.0%) and liver (+116.9%) of HF mice compared to CTL mice (p &lt; 0.05). 𝜶-Tocopherol concentration in the adipose tissue of HF mice is higher than that of CTL mice after correction by the AI (+72.4%, p &lt; 0.05). No difference is found in the expression of genes coding for proteins involved in intestinal lipid metabolism in fasting mice. After force-feeding, 𝜸-tocopherol plasma concentration is higher in HF mice compared to CTL mice (+181.5% at 1.5 h after force-feeding, p &lt; 0.05).&#xd;
&#xd;
Conclusion: HF mice display higher status and more efficient absorption of VE than CTL mice. VE absorption is thus likely not impaired in the early stages of obesity.</subfield>
</datafield>
<datafield tag="024" ind2=" " ind1="8">
<subfield code="a">Alvarado‐Ramos, K., Bravo‐Núñez, Á., Vairo, D., Sabran, C., Landrier, J. F., &amp; Reboul, E. (2024). Overweight Leads to an Increase in Vitamin E Absorption and Status in Mice. Molecular Nutrition &amp; Food Research, 2400509.</subfield>
</datafield>
<datafield tag="024" ind2=" " ind1="8">
<subfield code="a">1613-4125</subfield>
</datafield>
<datafield tag="024" ind2=" " ind1="8">
<subfield code="a">https://uvadoc.uva.es/handle/10324/72077</subfield>
</datafield>
<datafield tag="024" ind2=" " ind1="8">
<subfield code="a">10.1002/mnfr.202400509</subfield>
</datafield>
<datafield tag="024" ind2=" " ind1="8">
<subfield code="a">Molecular Nutrition &amp; Food Research</subfield>
</datafield>
<datafield tag="024" ind2=" " ind1="8">
<subfield code="a">1613-4133</subfield>
</datafield>
<datafield tag="245" ind1="0" ind2="0">
<subfield code="a">Overweight Leads to an Increase in Vitamin E Absorption and Status in Mice</subfield>
</datafield>
</record></metadata></record></GetRecord></OAI-PMH>